000 00465nam a2200205Ia 4500
001 14291
003 GE_BSU
008 181216s||||||||xx |||||||||||||| ||und||
020 _a0718145283
040 _cGE_BSU
080 _a613.2
100 _aHanley,Dr Jesse Lynn, Nancy De Ville,
245 _aTired of Being Tired
260 _aLondon
260 _bPenguin Books
260 _c2001
300 _a384p.24cm.
653 _aTired of Being Tired
942 _cBK
999 _c47429
_d47429